000 00559nam a2200181Ia 4500
008 151018s9999 xx 000 0 und d
082 _bRBASDV17113
_a891.463
100 _aविलास साळोखे
245 _aसंत खूळोबा
250 _b1
260 _bगुरु ओम प्रकाश
_c1982
300 _a48
600 _aविलास साळोखे
630 _aसंत खूळोबा
700 _aविलास साळोखे
730 _aसंत खूळोबा
942 _cBOOK
999 _c1017797
_d1017794